[Event "Naantali Avoin op"]
[Site "Naantali"]
[Date "2018.07.03"]
[Round "3"]
[White "Viljanen, Jouko"]
[Black "Riekkinen, Keijo"]
[Result "1/2-1/2"]
[WhiteElo "1867"]
[BlackElo "1703"]
[PlyCount "141"]
[EventDate "2018.07.02"]
[EventType "swiss"]
[EventRounds "9"]
[EventCountry "FIN"]
[SourceTitle "EXT 2019"]
[Source "ChessBase"]
[SourceDate "2018.10.10"]
[SourceVersion "1"]
[SourceVersionDate "2018.10.10"]
[SourceQuality "1"]

1. d4 e6 2. c4 f5 3. Nc3 Nf6 4. g3 c6 5. Bg2 d5 6. cxd5 exd5 7. Nf3 Bd6 8. 0-0 0-0 9. Qc2 Ne4 10. e3 Nd7 11. Ne2 Ndf6 12. Nf4 g5 13. Nd3 Ng4 14. Nfe5 Nh6 15. a3 Nf7 16. b4 a6 17. f3 Nf6 18. Nxf7 Rxf7 19. Bb2 Rg7 20. Rae1 g4 21. Ne5 gxf3 22. Rxf3 Ne4 23. Rf4 Be6 24. Ref1 Qg5 25. R1f3 Rf8 26. Qe2 Be7 27. Rh4 Rf6 28. Rff4 Rh6 29. Rxh6 Qxh6 30. Bc1 Bg5 31. Rf1 Be7 32. Rf4 Rg5 33. Rh4 Qf8 34. Rh5 Qg7 35. Rxg5 Qxg5 36. Qf3 h5 37. Qf4 Qg7 38. Nf3 Bd6 39. Qh4 Be7 40. Qxh5 Nf6 41. Qg5 Ng4 42. Qxg7+ Kxg7 43. h3 Nf6 44. Nd2 Bd6 45. Kf2 Nh5 46. Nf1 b6 47. Bf3 Nf6 48. Be2 Ne4+ 49. Kg2 a5 50. bxa5 bxa5 51. g4 Nc3 52. Bf3 Nb5 53. gxf5 Bxf5 54. Ng3 Bc2 55. Bd2 Nxa3 56. Bxa5 Nc4 57. Bc3 Nxe3+ 58. Kf2 Nc4 59. Be2 Nb6 60. Bg4 Kf6 61. Ba5 Nc4 62. Bd8+ Kf7 63. Bd7 c5 64. dxc5 Bxc5+ 65. Ke2 d4 66. Bf5 Bb3 67. Ne4 Ba7 68. Bg5 Ne5 69. Nd6+ Kg8 70. Bf6 Nf7 71. Nxf7 1/2-1/2

[Event "Helsinki Easter op"]
[Site "Helsinki"]
[Date "2018.04.02"]
[Round "6"]
[White "Viljanen, Jouko"]
[Black "Gronroos, Matti"]
[Result "1/2-1/2"]
[WhiteElo "1862"]
[BlackElo "1947"]
[PlyCount "78"]
[EventDate "2018.03.30"]
[EventType "swiss"]
[EventRounds "6"]
[EventCountry "FIN"]
[SourceTitle "EXT 2019"]
[Source "ChessBase"]
[SourceDate "2018.10.10"]
[SourceVersion "1"]
[SourceVersionDate "2018.10.10"]
[SourceQuality "1"]

1. d4 d5 2. c4 c6 3. Nc3 dxc4 4. a4 e5 5. e3 Be6 6. Nf3 exd4 7. Qxd4 Na6 8. Be2 Nc5 9. Qxd8+ Rxd8 10. 0-0 Nb3 11. Rb1 f6 12. Rd1 Rxd1+ 13. Bxd1 Ne7 14. e4 Nxc1 15. Rxc1 Nc8 16. Nd4 Bf7 17. Bg4 Nd6 18. f4 Kd8 19. Ne6+ Ke7 20. Nxf8 Rxf8 21. Re1 Be6 22. Bf3 Kd7 23. e5 fxe5 24. fxe5 Nf7 25. Ne4 Kc7 26. Nc5 Re8 27. a5 b6 28. axb6+ axb6 29. Na6+ Kb7 30. Nb4 Nd8 31. Rd1 Bf5 32. Rd6 Kc7 33. Na6+ Kc8 34. Nb4 Bd7 35. Bxc6 Bxc6 36. Nxc6 Nf7 37. Rd4 Re6 38. Rxc4 Kb7 39. Nd4 Rxe5 1/2-1/2

[Event "Helsinki Easter op"]
[Site "Helsinki"]
[Date "2018.04.01"]
[Round "5"]
[White "Al Argha, Hisham"]
[Black "Viljanen, Jouko"]
[Result "1/2-1/2"]
[WhiteElo "2183"]
[BlackElo "1862"]
[PlyCount "43"]
[EventDate "2018.03.30"]
[EventType "swiss"]
[EventRounds "6"]
[EventCountry "FIN"]
[SourceTitle "EXT 2019"]
[Source "ChessBase"]
[SourceDate "2018.10.10"]
[SourceVersion "1"]
[SourceVersionDate "2018.10.10"]
[SourceQuality "1"]

1. e4 c5 2. Nc3 d6 3. g3 Nc6 4. Bg2 Nf6 5. Nge2 e6 6. d4 cxd4 7. Nxd4 Be7 8. 0-0 0-0 9. b3 a6 10. Bb2 Qc7 11. h3 Bd7 12. Kh2 Rad8 13. f4 Bc8 14. Qd2 Nxd4 15. Qxd4 b5 16. Qf2 b4 17. Nd1 d5 18. e5 Ne4 19. Bxe4 dxe4 20. c4 Bc5 21. Qe2 Bb7 22. Bc1 1/2-1/2

[Event "Naantali Avoin op"]
[Site "Naantali"]
[Date "2016.07.09"]
[Round "8"]
[White "Lyly, Seppo"]
[Black "Viljanen, Jouko"]
[Result "1-0"]
[WhiteElo "1900"]
[BlackElo "1831"]
[PlyCount "93"]
[EventDate "2016.07.04"]
[EventType "swiss"]
[EventRounds "9"]
[EventCountry "FIN"]
[SourceTitle "EXT 2017"]
[Source "ChessBase"]
[SourceDate "2016.10.25"]
[SourceVersion "1"]
[SourceVersionDate "2016.10.25"]
[SourceQuality "1"]

1. e4 c5 2. Nf3 d6 3. d4 cxd4 4. Nxd4 Nf6 5. Nc3 a6 6. Bg5 Nbd7 7. Bc4 e6 8. 0-0 Be7 9. Bxe6 Qa5 10. Bd2 Qe5 11. Bxd7+ Bxd7 12. Nf3 Qh5 13. Bf4 Bg4 14. h3 Bxf3 15. Qxf3 Qxf3 16. gxf3 0-0-0 17. Rad1 Rd7 18. Na4 Kc7 19. c4 Kc6 20. b4 g5 21. Be3 Nh5 22. Nb6 Rdd8 23. Nd5 Rd7 24. a4 b6 25. b5+ axb5 26. axb5+ Kb7 27. Nxe7 Rxe7 28. Rxd6 Re6 29. Rd7+ Kb8 30. Rfd1 Rc8 31. R1d4 Rf6 32. Kg2 Nf4+ 33. Bxf4+ Rxf4 34. Rd8 h5 35. Rxc8+ Kxc8 36. Rd6 Kc7 37. Rc6+ Kb7 38. Rh6 h4 39. Rc6 Ka7 40. Rd6 Kb7 41. Rd3 Kc7 42. Kf1 Rf6 43. Ke2 Re6 44. Rd5 f6 45. Rf5 Kd7 46. Kd3 Ke7 47. Rd5 1-0

[Event "Naantali Avoin op"]
[Site "Naantali"]
[Date "2016.07.07"]
[Round "6"]
[White "Viljanen, Jouko"]
[Black "Smeds, Tom"]
[Result "1-0"]
[WhiteElo "1831"]
[BlackElo "1886"]
[PlyCount "75"]
[EventDate "2016.07.04"]
[EventType "swiss"]
[EventRounds "9"]
[EventCountry "FIN"]
[SourceTitle "EXT 2017"]
[Source "ChessBase"]
[SourceDate "2016.10.25"]
[SourceVersion "1"]
[SourceVersionDate "2016.10.25"]
[SourceQuality "1"]

1. d4 Nf6 2. c4 c5 3. d5 e5 4. Nc3 d6 5. e4 Be7 6. Bd3 Nbd7 7. Nge2 Nf8 8. 0-0 Ng6 9. f4 exf4 10. Nxf4 Ne5 11. Be2 Bg4 12. Bxg4 Nexg4 13. h3 Ne5 14. Nd3 Nxd3 15. Qxd3 Nd7 16. Bf4 f6 17. Qg3 g5 18. Bxd6 h5 19. Bxe7 Qxe7 20. d6 Qe6 21. Nb5 0-0-0 22. Qd3 Ne5 23. Qd5 Qxd5 24. cxd5 a6 25. Nc3 Rxd6 26. Rf5 b5 27. a3 Kd7 28. Raf1 Ke7 29. Rc1 Nd3 30. Rc2 h4 31. Nd1 Rc8 32. Ne3 Ne5 33. Rf1 a5 34. Nf5+ Kd7 35. Nxd6 Kxd6 36. Rxf6+ Kd7 37. Re6 c4 38. Rxe5 1-0

[Event "FIN-chT2 Gp4 1516"]
[Site "Finland"]
[Date "2015.10.10"]
[Round "1.3"]
[White "Uusi Oukari, Seppo"]
[Black "Viljanen, Jouko"]
[Result "1-0"]
[WhiteElo "1826"]
[BlackElo "1869"]
[PlyCount "87"]
[EventDate "2015.09.12"]
[EventType "team-tourn"]
[EventRounds "7"]
[EventCountry "FIN"]
[SourceTitle "EXT 2017"]
[Source "ChessBase"]
[SourceDate "2016.10.25"]
[SourceVersion "1"]
[SourceVersionDate "2016.10.25"]
[SourceQuality "1"]
[WhiteTeam "Kankaanpaa SK"]
[BlackTeam "Seinajoki"]
[WhiteTeamCountry "FIN"]
[BlackTeamCountry "FIN"]

1. d4 d5 2. c4 e6 3. Nc3 Nf6 4. Nf3 Be7 5. Bg5 Nbd7 6. e3 0-0 7. Bd3 c6 8. 0-0 dxc4 9. Bxc4 Nd5 10. Bxe7 Qxe7 11. Qc2 Nxc3 12. Qxc3 Nf6 13. Qc2 b5 14. Bd3 Bb7 15. Rfc1 Rac8 16. Ne5 Qd6 17. Qc5 Qxc5 18. Rxc5 Rfd8 19. Rac1 Rd6 20. Bxb5 Kf8 21. Bxc6 Bxc6 22. Rxc6 Rcxc6 23. Rxc6 Ne8 24. Rxd6 Nxd6 25. b4 f6 26. Nc6 Nc8 27. Kf1 Ke8 28. Ke2 Kd7 29. Na5 Nd6 30. Kd3 g6 31. a4 h5 32. e4 g5 33. Nc4 Nc8 34. Ke3 Ne7 35. b5 Kc7 36. g3 Kd7 37. f3 Kc7 38. a5 Kd7 39. Kd3 Kc7 40. Ne3 Nc8 41. e5 f5 42. d5 exd5 43. Nxf5 Kd7 44. Kd4 1-0

[Event "Naantali op"]
[Site "Naantali"]
[Date "2015.06.30"]
[Round "3"]
[White "Viljanen, Jouko"]
[Black "Pelto, Juho"]
[Result "0-1"]
[WhiteElo "1874"]
[BlackElo "2058"]
[PlyCount "100"]
[EventDate "2015.06.29"]
[EventType "swiss"]
[EventRounds "9"]
[EventCountry "FIN"]
[SourceTitle "EXT 2016"]
[Source "ChessBase"]
[SourceDate "2015.10.08"]
[SourceVersion "1"]
[SourceVersionDate "2015.10.08"]
[SourceQuality "1"]

1. d4 d5 2. c4 e6 3. Nc3 c5 4. cxd5 cxd4 5. Qxd4 Nc6 6. Qd1 exd5 7. Nf3 d4 8. Nb1 Nf6 9. g3 Bf5 10. Bd2 Qb6 11. Qb3 Nb4 12. Na3 Ne4 13. Bg2 d3 14. e3 Rc8 15. 0-0 Nc2 16. Qxb6 axb6 17. Rab1 Bxa3 18. bxa3 Nxa3 19. Rb3 Nc4 20. Bb4 Nc5 21. Rc3 Na6 22. a3 Nxb4 23. axb4 0-0 24. Nd4 Bg6 25. e4 Nd2 26. Rfc1 Rxc3 27. Rxc3 Nxe4 28. Rxd3 Nxf2 29. Rd2 Ne4 30. Re2 Re8 31. Nb5 f5 32. Nc7 Rc8 33. Ne6 Rc1+ 34. Bf1 Kf7 35. Nf4 Rb1 36. Nxg6 Kxg6 37. b5 Rd1 38. Kg2 Rd2 39. Kf3 Rxe2 40. Bxe2 Kf6 41. Ke3 Ke5 42. Bf3 Nc3 43. Bxb7 Nxb5 44. Ba6 Nd6 45. Be2 g5 46. Bd3 h6 47. Be2 f4+ 48. gxf4+ gxf4+ 49. Kf3 b5 50. Kg4 b4 0-1

[Event "FIN-ch op"]
[Site "Naantali"]
[Date "2013.07.07"]
[Round "9.12"]
[White "Nikolakaros, Kimon"]
[Black "Viljanen, Jouko"]
[Result "1/2-1/2"]
[WhiteElo "1915"]
[BlackElo "1871"]
[PlyCount "88"]
[EventDate "2013.07.01"]
[EventType "swiss"]
[EventRounds "9"]
[EventCountry "FIN"]
[SourceTitle "EXT 2022"]
[Source "ChessBase"]
[SourceDate "2021.10.06"]
[SourceVersion "1"]
[SourceVersionDate "2021.10.06"]
[SourceQuality "1"]

1. d4 d5 2. c4 e6 3. Nc3 Nf6 4. Bg5 Be7 5. Nf3 Nbd7 6. e3 0-0 7. Bd3 c6 8. 0-0 dxc4 9. Bxc4 Nd5 10. Bxe7 Qxe7 11. e4 Nxc3 12. bxc3 b5 13. Bd3 Bb7 14. Nd2 e5 15. f4 exf4 16. Rxf4 g6 17. Qf1 a6 18. Qf2 c5 19. Rf1 Rad8 20. Bc2 Rc8 21. Bb3 c4 22. Bd1 Kg7 23. Bg4 Rc7 24. Bxd7 Rxd7 25. e5 Bd5 26. Rf6 b4 27. cxb4 c3 28. Nf3 Bxf3 29. Rxf3 Qxb4 30. e6 Re7 31. d5 f5 32. Rd3 Rd8 33. Rfd1 Rd6 34. Qe3 Qe4 35. Qc5 Rexe6 36. Qxc3+ Qe5 37. dxe6 Qxc3 38. Rxd6 Kh6 39. Rxa6 Qe3+ 40. Kh1 f4 41. Rad6 f3 42. gxf3 Qxf3+ 43. Kg1 Qe3+ 44. Kh1 Qf3+ 1/2-1/2

[Event "FIN-ch op"]
[Site "Naantali"]
[Date "2013.07.02"]
[Round "3"]
[White "Viljanen, Jouko"]
[Black "Valkama, Eero"]
[Result "1/2-1/2"]
[WhiteElo "1871"]
[BlackElo "1881"]
[PlyCount "64"]
[EventDate "2013.07.01"]
[EventType "swiss"]
[EventRounds "9"]
[EventCountry "FIN"]
[SourceTitle "EXT 2014"]
[Source "ChessBase"]
[SourceDate "2013.11.20"]
[SourceVersion "1"]
[SourceVersionDate "2013.11.20"]
[SourceQuality "1"]

1. d4 Nf6 2. c4 e6 3. Nc3 Bb4 4. Qc2 0-0 5. a3 Bxc3+ 6. Qxc3 d5 7. Nf3 dxc4 8. Qxc4 b6 9. g3 Bb7 10. Bg2 Bd5 11. Qc2 Nbd7 12. 0-0 c5 13. dxc5 Nxc5 14. b4 Nb3 15. Rb1 Rc8 16. Qd1 Nxc1 17. Rxc1 Qd7 18. Ne5 Qb5 19. Qd3 Qxd3 20. Nxd3 Bc4 21. Rfd1 Bxd3 22. Rxc8 Rxc8 23. Rxd3 Rc1+ 24. Bf1 Kf8 25. f3 Ke7 26. Kf2 Nd5 27. h4 b5 28. f4 Rc3 29. e4 Rc2+ 30. Kf3 Nb6 31. Rb3 a6 32. Bd3 Rc1 1/2-1/2

[Event "FIN-ch op"]
[Site "Naantali"]
[Date "2013.07.01"]
[Round "1"]
[White "Viljanen, Jouko"]
[Black "Niemi, Kalle"]
[Result "0-1"]
[WhiteElo "1871"]
[BlackElo "2326"]
[PlyCount "126"]
[EventDate "2013.07.01"]
[EventType "swiss"]
[EventRounds "9"]
[EventCountry "FIN"]
[SourceTitle "EXT 2014"]
[Source "ChessBase"]
[SourceDate "2013.11.20"]
[SourceVersion "1"]
[SourceVersionDate "2013.11.20"]
[SourceQuality "1"]

1. d4 Nf6 2. c4 c5 3. d5 e6 4. dxe6 fxe6 5. Nc3 Be7 6. e4 Nc6 7. Nf3 0-0 8. Be2 d6 9. 0-0 a6 10. a4 h6 11. h3 Nd7 12. Be3 Qc7 13. Qd2 b6 14. Rad1 Bb7 15. Ne1 Rad8 16. Bg4 Rf6 17. f4 Nd4 18. Nf3 Nxf3+ 19. Bxf3 Bc6 20. b3 Qb7 21. Bf2 Rff8 22. Bg3 Bf6 23. Bg4 Rfe8 24. Bf3 Bd4+ 25. Kh2 Nf6 26. Bh4 Rd7 27. Rde1 Bxc3 28. Qxc3 Nxe4 29. Qe3 d5 30. Bxe4 dxe4 31. Rd1 Rd3 32. Rxd3 exd3 33. Qxd3 Bxg2 34. Rg1 Be4 35. Qc3 Kh7 36. Be1 Qf7 37. Qe5 Bg6 38. Bc3 Rf8 39. Rg4 Qf6 40. Kg3 Qxe5 41. Bxe5 Rf7 42. Kh2 Rd7 43. Rg3 Bc2 44. Kg2 g6 45. Kf2 Rd2+ 46. Ke1 Rd1+ 47. Ke2 Rb1 48. Kd2 Bxb3 49. Rd3 Bxa4 50. Rd6 Rd1+ 51. Kc3 Rxd6 52. Bxd6 g5 53. Bc7 b5 54. fxg5 hxg5 55. Bb6 b4+ 56. Kd3 Bd7 57. Bxc5 a5 58. Bd6 b3 59. Be5 Kg6 60. Kc3 a4 61. Bg3 Kf5 62. Bd6 e5 63. c5 Kf4 0-1

[Event "FIN-ch op"]
[Site "Naantali"]
[Date "2010.07.01"]
[Round "5"]
[White "Heino, Juha"]
[Black "Viljanen, Jouko"]
[Result "1-0"]
[WhiteElo "2078"]
[BlackElo "1871"]
[PlyCount "49"]
[EventDate "2010.06.28"]
[EventType "swiss"]
[EventRounds "9"]
[EventCountry "FIN"]
[SourceTitle "CBM 137 Extra"]
[Source "ChessBase"]
[SourceDate "2010.09.01"]
[SourceVersion "1"]
[SourceVersionDate "2010.09.01"]
[SourceQuality "1"]

1. e4 c5 2. Nf3 d6 3. d4 cxd4 4. Nxd4 Nf6 5. Nc3 a6 6. f4 Nc6 7. Bc4 e6 8. Be3 Nxe4 9. Nxe4 d5 10. Nxc6 bxc6 11. Ng5 h6 12. Nxf7 Kxf7 13. Bd3 g6 14. 0-0 Rg8 15. Bd4 Qh4 16. Rf3 h5 17. Rh3 Qg4 18. Qe1 Be7 19. Qe5 c5 20. Rg3 Qh4 21. Bxg6+ Kf8 22. Bf2 d4 23. Rg5 Qxg5 24. fxg5 Rxg6 25. Qe4 1-0

[Event "FIN-ch op"]
[Site "Naantali"]
[Date "2008.07.??"]
[Round "2"]
[White "Jarvela, Jari"]
[Black "Viljanen, Jouko"]
[Result "1-0"]
[WhiteElo "2257"]
[BlackElo "1899"]
[PlyCount "79"]
[EventDate "2008.07.??"]
[EventType "swiss"]
[EventRounds "9"]
[EventCountry "FIN"]
[SourceTitle "EXT 2010"]
[Source "ChessBase"]
[SourceDate "2010.11.25"]
[SourceVersion "1"]
[SourceVersionDate "2010.11.25"]
[SourceQuality "1"]

1. e4 c5 2. Nc3 d6 3. f4 Nc6 4. Nf3 Nf6 5. Bb5 a6 6. Bxc6+ bxc6 7. 0-0 e6 8. d3 Be7 9. e5 Nd5 10. Ne4 f5 11. exd6 Bxd6 12. Nxd6+ Qxd6 13. Ne5 0-0 14. c4 Nf6 15. Qf3 Bb7 16. Be3 Rad8 17. Qf2 Nd7 18. Nxd7 Qxd7 19. Bxc5 Rf6 20. d4 Qf7 21. Rae1 Rh6 22. b3 Qh5 23. h3 Qg6 24. Re3 Qf7 25. Rfe1 Rg6 26. Rg3 Rxg3 27. Qxg3 Qf6 28. Qe3 Bc8 29. a4 Kf7 30. a5 h6 31. Qf3 Bd7 32. Qc3 Rb8 33. Bd6 Rb7 34. Re3 g5 35. Be5 Qg6 36. Qd3 Bc8 37. d5 cxd5 38. cxd5 Rb5 39. Qc3 Rb7 40. Qxc8 1-0

[Event "Kurikka We op"]
[Site "Kurikka"]
[Date "2008.??.??"]
[Round "1"]
[White "Marjusaari, Eero"]
[Black "Viljanen, Jouko"]
[Result "1-0"]
[WhiteElo "2053"]
[BlackElo "1899"]
[PlyCount "51"]
[EventDate "2008.10.??"]
[EventType "swiss"]
[EventRounds "5"]
[EventCountry "FIN"]
[SourceTitle "CBM 127 Extra"]
[Source "ChessBase"]
[SourceDate "2009.01.08"]
[SourceVersion "2"]
[SourceVersionDate "2009.01.28"]
[SourceQuality "1"]

1. e4 c5 2. Nf3 d6 3. Nc3 Nf6 4. d4 cxd4 5. Nxd4 a6 6. f3 e5 7. Nb3 Be6 8. Be3 Nbd7 9. Qd2 Nc5 10. 0-0-0 Nxb3+ 11. axb3 b5 12. g4 Qc7 13. g5 Nd7 14. f4 Nc5 15. f5 Bc8 16. Kb1 Bb7 17. Bg2 Bc6 18. f6 gxf6 19. gxf6 Ne6 20. Bh3 0-0-0 21. Nd5 Qb7 22. Qa5 Kb8 23. Bxe6 fxe6 24. Qxd8+ Qc8 25. Ba7+ Kb7 26. Qb6+ 1-0

[Event "Politiken Cup 29th"]
[Site "Copenhagen"]
[Date "2007.07.24"]
[Round "5"]
[White "Strand, Kjetil"]
[Black "Viljanen, Jouko"]
[Result "1-0"]
[WhiteElo "2081"]
[BlackElo "1917"]
[PlyCount "57"]
[EventDate "2007.07.21"]
[EventType "swiss"]
[EventRounds "10"]
[EventCountry "DEN"]
[SourceTitle "CBM 119 Extra"]
[Source "ChessBase"]
[SourceDate "2007.09.04"]
[SourceVersion "1"]
[SourceVersionDate "2007.09.04"]
[SourceQuality "1"]

1. e4 c5 2. Nf3 d6 3. d4 cxd4 4. Nxd4 Nf6 5. Nc3 a6 6. Bc4 e6 7. 0-0 Be7 8. Bb3 0-0 9. f4 Nc6 10. Kh1 Nxd4 11. Qxd4 Bd7 12. f5 e5 13. Qd3 Bc6 14. Bg5 Qc7 15. Rad1 Rad8 16. Qf3 b5 17. Rd3 b4 18. Bxf6 Bxf6 19. Nd5 Bxd5 20. Rxd5 Qb6 21. Rfd1 Bg5 22. R5d3 a5 23. Qh5 Bf6 24. Rh3 h6 25. Rg3 Bg5 26. h4 Qf2 27. Rdd3 Qf1+ 28. Kh2 Bf4 29. Qg6 1-0